The statistics of bioassay : with special reference to the vitamins. /

Guardado en:
Autor Principal: Bliss, Chester Ittner, 1899-
Formato: Libro
Idioma:English
Publicado: New York : Academic Press, 1952.
Etiquetas: Agregar Etiqueta
Sin Etiquetas, Sea el primero en etiquetar este registro!
LEADER 00628cam a22001571a 4500
001 EEA.libagro009939
008 750728s1952####nyua##########000#0#eng##
005 20220427121103.0
245 1 4 |a The statistics of bioassay :  |b with special reference to the vitamins. /  |c by C. I. Bliss. 
260 |a New York :  |b Academic Press,  |c 1952. 
300 |a 445-628 p. :  |b il. ;  |c 24 cm. 
500 |a "Reprinted, with additions, from Vitamin methods, volume II." 
500 |a La biblioteca posee: vol. 2. 
100 1 |a Bliss, Chester Ittner,  |d 1899- 
082 |a 574.1926015195 
859 |a AR-BbBCA  |b BIB. AGRONOMIA  |h 574.1926015195  |i B649  |p 1965/0215  |v Vol. 2  |3 Vol. 2